000 00549nam a2200193Ia 4500
005 20250508155234.0
008 008 250505s9999 xx 000 0 eng d
037 _aTextual
040 _aFEDL
_beng
_cFEDL
041 _aeng
_2eng
084 _a370.954, IND
_qFEDL
245 0 _aEducation in the States of the Indian union 1951-52 : A statistical survey
245 0 _cIndia, Education (Ministry of-)
260 _c1955
300 _a157p.
650 _aEdcuation
942 _cTEXL
_h370.954, IND
999 _c1355421
_d1355421